000 00426cam a2200169ua 4500
020 _c1.25
041 _aeng
_h
082 _a320.58
_bKAL/EV
100 _aKalelkar, Kaka saheb .
245 _aEven behind the Bars /
_cKaka saheb Kalelkar.
_hTextual Documents
260 _aAhmadabad :
_bNavajivan publishing house ,
_c1961.
300 _a98 ; .
365 _a1.25
504 _a
942 _cBK
999 _c928
_d928